Junto con Ley Antiterrorista: ARENA plantea comisión de diálogo /

Сохранить в:
Библиографические подробности
Главный автор: Norton, Chris
Формат: Текст
Метки: Добавить метку
Нет меток, Требуется 1-ая метка записи!

MARC

LEADER 00000 a a2200000 04500
001 1367
003
040
100 |a Norton, Chris  
245 |a Junto con Ley Antiterrorista:   |b ARENA plantea comisión de diálogo /  |c Chris Norton 
773 |g número 58; páginas 43  
999 |c 33004  |d 33004